| 000 | 00430nam a2200169Ia 4500 | ||
|---|---|---|---|
| 003 | GCL | ||
| 008 | 140319s9999 xx 000 0 eng d | ||
| 040 |
_aGCL / _cGCL |
||
| 082 | 0 | 4 |
_a928 _bM W |
| 100 | 1 | _aMACRAE, D. E. ALASDAIR | |
| 245 | 1 | 0 |
_aW. B. YEATS: A LITERARY LIFE / _cMACRAE, D. E. ALASDAIR |
| 260 |
_a[S.N] : _bMACMILLAN ، _c1995 |
||
| 300 | _a204 P | ||
| 650 | 0 | 4 | _aYEATS |
| 650 | 0 | 4 | _aBIOGRAPHIES |
| 942 |
_2ddc _cBK |
||
| 999 |
_c11228 _d11228 |
||